000 00674nam a22001697a 4500
999 _c59486
_d59486
003 Ge_BSU
005 20230228120315.0
008 230228s2002 ge ||||| |||| 00| 0 geo d
041 _ageo
080 _a341.24 ს-32
245 _aსაერთაშორისო ხელშეკრულებები, პაქტები, კონვენციები.
264 _aთბილისი :
_bბონა კაუზა,
_c2002.
300 _a202გვ. ;
_b21 სმ.
490 _aიურისტის ბიბლიოთეკა
653 _aსაერთაშორისო ხელშეკრულებები
942 _2udc
_cBK